| 000 | 00862nam a2200217Ia 4500 | ||
|---|---|---|---|
| 001 | 3243 | ||
| 003 | GE_BSU | ||
| 008 | 181216s||||||||xx |||||||||||||| ||und|| | ||
| 040 | _cGE_BSU | ||
| 080 | _a51(035) | ||
| 100 | _aКорн, Г. | ||
| 245 | _aСправочник по математике для научных работников и инженеров=Mathematicial Handbook:определения, теории, формулы. | ||
| 245 | _cПод. общей ред. И.Г.Арамановича. | ||
| 250 | _aперевод со второго американского перер. изд. Изд. 4-е. | ||
| 260 | _aМ. | ||
| 260 | _bНаука. | ||
| 260 | _c1977. | ||
| 300 | _a831 с. 22 см. | ||
| 653 | _aСправочник по математике для научных работников и инженеров. | ||
| 942 | _cBK | ||
| 999 |
_c37284 _d37284 |
||